<?xml version="1.0" encoding="UTF-8"?>
<record
    xmlns:xsi="http://www.w3.org/2001/XMLSchema-instance"
    xsi:schemaLocation="http://www.loc.gov/MARC21/slim http://www.loc.gov/standards/marcxml/schema/MARC21slim.xsd"
    xmlns="http://www.loc.gov/MARC21/slim">

  <leader>00529nam a22001577a 4500</leader>
  <datafield tag="999" ind1=" " ind2=" ">
    <subfield code="c">60529</subfield>
    <subfield code="d">60529</subfield>
  </datafield>
  <controlfield tag="005">20230814104305.0</controlfield>
  <controlfield tag="008">230814s1974    pl ||||| |||| 00| 0 Pau d</controlfield>
  <datafield tag="041" ind1=" " ind2=" ">
    <subfield code="a">Pau</subfield>
  </datafield>
  <datafield tag="080" ind1=" " ind2=" ">
    <subfield code="a">902/904 K-81</subfield>
  </datafield>
  <datafield tag="100" ind1=" " ind2=" ">
    <subfield code="a"> Kraskovsk&#xE1;, L&#x315;udmila</subfield>
    <subfield code="9">19669</subfield>
  </datafield>
  <datafield tag="245" ind1=" " ind2=" ">
    <subfield code="a">Gerulata-Rusovce:</subfield>
    <subfield code="b">r&#xED;mske pohrebisko, Volume 1 /</subfield>
    <subfield code="c">L&#x315;udmila Kraskovsk&#xE1;.</subfield>
  </datafield>
  <datafield tag="264" ind1=" " ind2=" ">
    <subfield code="a">Bratislava,</subfield>
    <subfield code="c">1974.</subfield>
  </datafield>
  <datafield tag="300" ind1=" " ind2=" ">
    <subfield code="a">246 p.:</subfield>
    <subfield code="b">ill.;</subfield>
    <subfield code="c">24 cm.</subfield>
  </datafield>
  <datafield tag="653" ind1=" " ind2=" ">
    <subfield code="a">&#x10D2;&#x10D4;&#x10E0;&#x10E3;&#x10DA;&#x10D0;&#x10E2;&#x10D0;-&#x10E0;&#x10E3;&#x10E1;&#x10DD;&#x10D5;&#x10EA;&#x10D4;: &#x10E0;&#x10DD;&#x10DB;&#x10D0;&#x10E3;&#x10DA;&#x10D8; &#x10E1;&#x10D0;&#x10DB;&#x10D0;&#x10E0;&#x10EE;&#x10D8;</subfield>
  </datafield>
  <datafield tag="942" ind1=" " ind2=" ">
    <subfield code="2">udc</subfield>
    <subfield code="c">BK</subfield>
  </datafield>
  <datafield tag="952" ind1=" " ind2=" ">
    <subfield code="0">0</subfield>
    <subfield code="1">0</subfield>
    <subfield code="2">udc</subfield>
    <subfield code="4">0</subfield>
    <subfield code="6">902904_K81</subfield>
    <subfield code="7">0</subfield>
    <subfield code="9">95662</subfield>
    <subfield code="a">CPL</subfield>
    <subfield code="b">CPL</subfield>
    <subfield code="c">GEN</subfield>
    <subfield code="d">2023-08-14</subfield>
    <subfield code="g">12.00</subfield>
    <subfield code="o">902/904 K-81</subfield>
    <subfield code="p">65153</subfield>
    <subfield code="r">2023-08-14</subfield>
    <subfield code="t">65153</subfield>
    <subfield code="u">&#x10D1;&#x10E1;&#x10E3;-&#x10E1; &#x10E1;&#x10D0;&#x10DE;&#x10D0;&#x10E2;&#x10D8;&#x10DD; &#x10D3;&#x10DD;&#x10E5;&#x10E2;&#x10DD;&#x10E0;&#x10D8;&#x10E1; &#x10D2;&#x10E3;&#x10E0;&#x10D0;&#x10DB; &#x10DA;&#x10DD;&#x10E0;&#x10D7;&#x10E5;&#x10D8;&#x10E4;&#x10D0;&#x10DC;&#x10D8;&#x10EB;&#x10D8;&#x10E1; &#x10E1;&#x10D0;&#x10E9;&#x10E3;&#x10E5;&#x10D0;&#x10E0;&#x10D8;</subfield>
    <subfield code="w">2023-08-14</subfield>
    <subfield code="y">BK</subfield>
    <subfield code="z">12 &#x10DA;.</subfield>
  </datafield>
</record>
